Philosophischer Versuch über die Wahrscheinlichkeiten.

Uložené v:
Podrobná bibliografia
Hlavný autor: Laplace, P.S
Médium: Kniha
Jazyk:Slovak
Vydané: 1932.
Tagy: Pridať tag
Žiadne tagy, Buďte prvý kto otaguje tento záznam!

MARC

LEADER 00000nam a22000004a 4500
001 000525927
005 20161031085502.0
008 161031s1932 xo e 000 0 slo d
040 |a SVKKK  |b slo  |c SVKKK  |e AACR2 
100 1 |a Laplace, P.S. 
245 1 0 |a Philosophischer Versuch über die Wahrscheinlichkeiten. 
260 |c 1932. 
500 |a Záznam revízie 
910 |a svkkk 
998 |a BK 
090 |g SCKHL  |k Sklad Hlavná 10 prízemie  |a I.57376  |j 753318  |i 2720389817  |s Prezenčne